Loading...
| Current Events - Current Events | 2 | 15.00 | 0% | 100% | 50% |
| Fine Arts - Auditory Fine Arts | 5 | 16.00 | 20% | 100% | 40% |
| Fine Arts - Other Fine Arts | 4 | 15.00 | 25% | 50% | 75% |
| Fine Arts - Visual Fine Arts | 6 | 13.33 | 33% | 83% | 17% |
| Geography - Geography | 2 | 0.00 | 0% | 0% | 0% |
| History - American History | 3 | 20.00 | 67% | 67% | 67% |
| History - European History | 3 | 13.33 | 67% | 33% | 33% |
| History - Other History | 4 | 17.50 | 100% | 25% | 50% |
| History - World History | 2 | 5.00 | 50% | 0% | 0% |
| Literature - American Literature | 2 | 20.00 | 50% | 100% | 50% |
| Literature - British Literature | 3 | 10.00 | 67% | 33% | 0% |
| Literature - European Literature | 2 | 15.00 | 0% | 100% | 50% |
| Literature - World Literature | 3 | 16.67 | 33% | 67% | 67% |
| Mythology - Mythology | 4 | 12.50 | 25% | 50% | 50% |
| Philosophy - Philosophy | 1 | 20.00 | 100% | 0% | 100% |
| Religion - Religion | 1 | 0.00 | 0% | 0% | 0% |
| Science - Biology | 4 | 7.50 | 25% | 0% | 50% |
| Science - Chemistry | 3 | 13.33 | 100% | 33% | 0% |
| Science - Other Science | 3 | 10.00 | 33% | 33% | 33% |
| Science - Physics | 5 | 16.00 | 20% | 80% | 60% |
| Social Science - Social Science | 2 | 15.00 | 50% | 50% | 50% |